Avengers: Endgame Quiz - Statistics

General Stats
  • This quiz has been taken 85 times
  • The average score is 13 of 17
Answer Stats
Hint Answer % Correct
Sacrificed His Life For The Universe Iron Man
100%
Sacrificed Her Life For The Soul Stone Black Widow
97%
Wielded Mjolnir For The First Time Captain America
95%
Filled With Regret; Lost Himself Thor
93%
Saved From The Quantum Realm By A Rat Ant-Man
92%
Became A Global Assassin Hawkeye
92%
Has A Permanently Broken-Arm Hulk
91%
Stole The Tesseract In 2012 Loki
88%
Destroyed Thanos' Ship Captain Marvel
81%
Almost Killed Thanos By Herself Scarlet Witch
76%
Posed As Herself In The Future Nebula
74%
Finally Had Her Dance With Her Love Peggy Carter
74%
Died Twice Thanos
73%
Was Knocked Out By A Future James Rhodes Star Lord
68%
Told Tony Stark He Had To Sacrifice His Life Dr Strange
61%
Met Her Son From The Future Frigga
43%
Lost And Gained All His Family Rocket
39%
No matching quizzes found
Score Distribution
Percent of People with Each Score
Percentile by Number Answered
Your Score History
You have not taken this quiz